000 00487nam a2200217Ia 4500
003 OSt
005 20220912144001.0
006 a|||||r|||| 00| 0
007 ta
008 220909b |||||||| |||| 00| 0 eng d
024 _a197974
037 _cTextual
040 _beng
041 _aeng
082 _aG:5, P0:3 T G
100 _aRicklefs R E
245 0 _aEcology
300 _ap.
_ccm
942 _hG:5, P0:3 T G
_cTEXL
_2CC
999 _c53
_d53